000 00359nam a22001337a 4500
020 _a9781420060119
040 _cNUST
082 _a610.28 SAR
100 _aSarbadhikari, S. N.
_963240
245 _aA Short Introduction to Biomedical Engineering
260 _aHyderabad;
_bCRC Press,
_c2007.
650 _aBiomedical Engineering
_9112151
942 _2ddc
_cBK
999 _c594674
_d594674